[Event "DEM U14 2025"]
[Site "Willingen GER"]
[Date "2025.06.08"]
[Round "2"]
[White "Park, Manuel"]
[Black "Kalinski, Jan"]
[Result "1-0"]
[Termination "normal"]
[Board "19"]
[WhiteElo "1828"]
[BlackElo "1748"]
[WhiteClock "00:54:47"]
[BlackClock "00:39:29"]
[PlyCount "55"]
[WhiteFideId "34629114"]
[BlackFideId "34660615"]
[EventCountry "GER"]
[EventRounds "9"]
[EventType "swiss"]
[EventDate "2025.06.07"]

1. e4 {[%clk 01:30:49]} {[%emt 00:00:10]} c5 {[%clk 01:30:55]} {[%emt
00:00:05]} 2. Nc3 {[%clk 01:30:53]} {[%emt 00:00:26]} d6 {[%clk 01:31:14]}
{[%emt 00:00:12]} 3. d4 {[%clk 01:31:15]} {[%emt 00:00:09]} cxd4 {[%clk
01:31:39]} {[%emt 00:00:05]} 4. Qxd4 {[%clk 01:31:30]} {[%emt 00:00:16]} Nc6
{[%clk 01:32:03]} {[%emt 00:00:05]} 5. Qd2 {[%clk 01:31:51]} {[%emt 00:00:08]}
Nf6 {[%clk 01:31:58]} {[%emt 00:00:35]} 6. b3 {[%clk 01:32:09]} {[%emt
00:00:13]} e6 {[%clk 01:32:14]} {[%emt 00:00:14]} 7. Bb2 {[%clk 01:32:13]}
{[%emt 00:00:26]} d5 {[%clk 01:32:38]} {[%emt 00:00:06]} 8. exd5 {[%clk
01:31:43]} {[%emt 00:00:59]} exd5 {[%clk 01:33:06]} {[%emt 00:00:03]} 9. O-O-O
{[%clk 01:31:57]} {[%emt 00:00:17]} Be6 {[%clk 01:33:31]} {[%emt 00:00:05]} 10.
f3 {[%clk 01:30:53]} {[%emt 00:01:34]} Qa5 {[%clk 01:33:14]} {[%emt 00:00:46]}
11. Kb1 {[%clk 01:29:03]} {[%emt 00:02:20]} Bb4 {[%clk 01:24:27]} {[%emt
00:09:16]} 12. Nge2 {[%clk 01:28:33]} {[%emt 00:01:01]} O-O {[%clk 01:19:58]}
{[%emt 00:04:59]} 13. Qg5 {[%clk 01:23:53]} {[%emt 00:05:11]} h6 {[%clk
01:09:22]} {[%emt 00:11:06]} 14. Qg3 {[%clk 01:19:37]} {[%emt 00:04:45]} Kh8
{[%clk 00:57:35]} {[%emt 00:12:17]} 15. a4 {[%clk 01:07:37]} {[%emt 00:12:30]}
Rad8 {[%clk 00:56:38]} {[%emt 00:01:27]} 16. Na2 {[%clk 01:06:51]} {[%emt
00:01:16]} Bd6 {[%clk 00:55:26]} {[%emt 00:01:42]} 17. Qf2 {[%clk 01:05:25]}
{[%emt 00:01:56]} Bc5 {[%clk 00:52:39]} {[%emt 00:03:17]} 18. Qh4 {[%clk
01:04:43]} {[%emt 00:01:12]} Be7 {[%clk 00:45:28]} {[%emt 00:07:41]} 19. Nd4
{[%clk 01:02:06]} {[%emt 00:03:07]} Nxd4 {[%clk 00:44:56]} {[%emt 00:01:02]}
20. Bxd4 {[%clk 01:01:19]} {[%emt 00:01:17]} Bf5 {[%clk 00:44:42]} {[%emt
00:00:43]} 21. g4 {[%clk 01:00:12]} {[%emt 00:01:38]} Bh7 {[%clk 00:44:35]}
{[%emt 00:00:35]} 22. g5 {[%clk 01:00:01]} {[%emt 00:00:42]} hxg5 {[%clk
00:44:58]} {[%emt 00:00:08]} 23. Qxg5 {[%clk 01:00:07]} {[%emt 00:00:24]} Ne8
{[%clk 00:44:55]} {[%emt 00:00:32]} 24. Qxe7 {[%clk 01:00:06]} {[%emt
00:00:31]} Nd6 {[%clk 00:43:19]} {[%emt 00:02:07]} 25. Qg5 {[%clk 00:55:41]}
{[%emt 00:04:54]} f6 {[%clk 00:39:23]} {[%emt 00:04:27]} 26. Qh5 {[%clk
00:55:42]} {[%emt 00:00:29]} g6 {[%clk 00:39:23]} {[%emt 00:00:29]} 27. Qh4
{[%clk 00:54:46]} {[%emt 00:01:25]} Kg7 {[%clk 00:39:29]} {[%emt 00:00:25]} 28.
Bd3 {[%clk 00:54:47]} {[%emt 00:00:29]} 1-0

[Event "DEM U14 2025"]
[Site "Willingen GER"]
[Date "2025.06.08"]
[Round "2"]
[White "Haustein, Henry"]
[Black "Sasse, Conan"]
[Result "0-1"]
[Termination "normal"]
[Board "20"]
[WhiteElo "1683"]
[BlackElo "1872"]
[WhiteClock "00:22:44"]
[BlackClock "00:23:58"]
[PlyCount "151"]
[WhiteFideId "533043817"]
[BlackFideId "34684336"]
[EventCountry "GER"]
[EventRounds "9"]
[EventType "swiss"]
[EventDate "2025.06.07"]

1. e4 {[%clk 01:30:53]} {[%emt 00:00:07]} c5 {[%clk 01:30:49]} {[%emt
00:00:11]} 2. Nf3 {[%clk 01:31:17]} {[%emt 00:00:05]} Nc6 {[%clk 01:31:12]}
{[%emt 00:00:08]} 3. Bb5 {[%clk 01:31:42]} {[%emt 00:00:05]} g6 {[%clk
01:31:29]} {[%emt 00:00:13]} 4. O-O {[%clk 01:31:09]} {[%emt 00:01:02]} Bg7
{[%clk 01:31:51]} {[%emt 00:00:09]} 5. c3 {[%clk 01:30:21]} {[%emt 00:01:18]}
Nf6 {[%clk 01:29:42]} {[%emt 00:02:39]} 6. Re1 {[%clk 01:30:31]} {[%emt
00:00:20]} O-O {[%clk 01:29:08]} {[%emt 00:01:04]} 7. d3 {[%clk 01:28:23]}
{[%emt 00:02:38]} Qb6 {[%clk 01:27:32]} {[%emt 00:02:06]} 8. Ba4 {[%clk
01:27:28]} {[%emt 00:01:25]} d6 {[%clk 01:25:01]} {[%emt 00:03:02]} 9. Nbd2
{[%clk 01:26:09]} {[%emt 00:01:48]} Bd7 {[%clk 01:22:36]} {[%emt 00:02:55]} 10.
Nc4 {[%clk 01:23:25]} {[%emt 00:03:14]} Qa6 {[%clk 01:19:15]} {[%emt 00:03:50]}
11. Bc2 {[%clk 01:17:12]} {[%emt 00:06:43]} b5 {[%clk 01:15:16]} {[%emt
00:04:29]} 12. Ne3 {[%clk 01:12:13]} {[%emt 00:05:29]} Rac8 {[%clk 01:11:32]}
{[%emt 00:04:14]} 13. Bd2 {[%clk 01:04:27]} {[%emt 00:08:16]} Rfe8 {[%clk
01:08:08]} {[%emt 00:03:54]} 14. a3 {[%clk 00:54:20]} {[%emt 00:10:37]} Qb7
{[%clk 01:03:26]} {[%emt 00:05:12]} 15. Nf1 {[%clk 00:50:29]} {[%emt 00:04:21]}
Bg4 {[%clk 00:54:45]} {[%emt 00:09:11]} 16. h3 {[%clk 00:46:33]} {[%emt
00:04:26]} Bxf3 {[%clk 00:53:04]} {[%emt 00:02:12]} 17. Qxf3 {[%clk 00:46:45]}
{[%emt 00:00:18]} Nd7 {[%clk 00:51:24]} {[%emt 00:02:10]} 18. Ng3 {[%clk
00:43:33]} {[%emt 00:03:42]} a5 {[%clk 00:50:03]} {[%emt 00:01:51]} 19. Qe2
{[%clk 00:34:15]} {[%emt 00:09:47]} b4 {[%clk 00:38:22]} {[%emt 00:12:11]} 20.
f4 {[%clk 00:33:09]} {[%emt 00:01:37]} bxa3 {[%clk 00:30:38]} {[%emt 00:08:15]}
21. bxa3 {[%clk 00:33:19]} {[%emt 00:00:19]} Qb2 {[%clk 00:29:44]} {[%emt
00:01:19]} 22. Qd1 {[%clk 00:31:44]} {[%emt 00:02:09]} Rb8 {[%clk 00:29:14]}
{[%emt 00:01:00]} 23. Ba4 {[%clk 00:31:04]} {[%emt 00:01:11]} Rec8 {[%clk
00:29:24]} {[%emt 00:00:19]} 24. Qc1 {[%clk 00:26:59]} {[%emt 00:04:36]} Qb6
{[%clk 00:27:06]} {[%emt 00:02:47]} 25. Rb1 {[%clk 00:26:19]} {[%emt 00:01:11]}
Qa6 {[%clk 00:23:42]} {[%emt 00:03:51]} 26. Qc2 {[%clk 00:25:14]} {[%emt
00:01:37]} Rb6 {[%clk 00:22:07]} {[%emt 00:02:04]} 27. Rxb6 {[%clk 00:25:20]}
{[%emt 00:00:26]} Nxb6 {[%clk 00:22:27]} {[%emt 00:00:09]} 28. Bxc6 {[%clk
00:24:03]} {[%emt 00:01:47]} Rxc6 {[%clk 00:22:45]} {[%emt 00:00:12]} 29. a4
{[%clk 00:23:09]} {[%emt 00:01:24]} c4 {[%clk 00:19:34]} {[%emt 00:03:40]} 30.
d4 {[%clk 00:23:01]} {[%emt 00:00:38]} d5 {[%clk 00:19:32]} {[%emt 00:00:33]}
31. e5 {[%clk 00:20:47]} {[%emt 00:02:44]} e6 {[%clk 00:19:01]} {[%emt
00:01:01]} 32. Rb1 {[%clk 00:20:32]} {[%emt 00:00:45]} Nd7 {[%clk 00:18:57]}
{[%emt 00:00:34]} 33. Rb5 {[%clk 00:17:51]} {[%emt 00:03:12]} Rb6 {[%clk
00:17:57]} {[%emt 00:01:30]} 34. Qb1 {[%clk 00:17:59]} {[%emt 00:00:22]} Qa7
{[%clk 00:17:13]} {[%emt 00:01:14]} 35. Bc1 {[%clk 00:17:00]} {[%emt 00:01:28]}
Bf8 {[%clk 00:16:37]} {[%emt 00:01:06]} 36. Nf1 {[%clk 00:16:56]} {[%emt
00:00:34]} Be7 {[%clk 00:16:28]} {[%emt 00:00:39]} 37. Nd2 {[%clk 00:16:33]}
{[%emt 00:00:52]} Qa6 {[%clk 00:15:20]} {[%emt 00:01:39]} 38. Kf2 {[%clk
00:13:06]} {[%emt 00:03:57]} Kf8 {[%clk 00:14:01]} {[%emt 00:01:50]} 39. Rxb6
{[%clk 00:10:21]} {[%emt 00:03:15]} Qxb6 {[%clk 00:13:55]} {[%emt 00:00:35]}
40. Qb5 {[%clk 00:10:25]} {[%emt 00:00:26]} Qxb5 {[%clk 00:12:07]} {[%emt
00:02:19]} 41. axb5 {[%clk 00:10:49]} {[%emt 00:00:05]} Nb6 {[%clk 00:12:09]}
{[%emt 00:00:28]} 42. Nb1 {[%clk 00:09:45]} {[%emt 00:01:35]} Ke8 {[%clk
00:12:14]} {[%emt 00:00:24]} 43. Ke2 {[%clk 00:09:54]} {[%emt 00:00:21]} Kd7
{[%clk 00:11:13]} {[%emt 00:01:31]} 44. Ba3 {[%clk 00:09:36]} {[%emt 00:00:48]}
Bd8 {[%clk 00:11:31]} {[%emt 00:00:11]} 45. Kd2 {[%clk 00:09:24]} {[%emt
00:00:42]} Kc7 {[%clk 00:11:33]} {[%emt 00:00:28]} 46. Bd6+ {[%clk 00:09:26]}
{[%emt 00:00:29]} Kb7 {[%clk 00:11:37]} {[%emt 00:00:26]} 47. Kc2 {[%clk
00:08:08]} {[%emt 00:01:48]} Na4 {[%clk 00:11:16]} {[%emt 00:00:49]} 48. Na3
{[%clk 00:06:57]} {[%emt 00:01:42]} Kb6 {[%clk 00:10:48]} {[%emt 00:00:59]} 49.
Bf8 {[%clk 00:06:56]} {[%emt 00:00:31]} Bh4 {[%clk 00:10:47]} {[%emt 00:00:25]}
50. Kd2 {[%emt 00:05:34]} Bd8 {[%clk 00:06:41]} {[%emt 00:00:17]} 51. g4 {[%clk
00:06:07]} {[%emt 00:00:39]} Bh4 {[%clk 00:05:30]} {[%emt 00:01:41]} 52. Bd6
{[%clk 00:06:04]} {[%emt 00:00:33]} Bg3 {[%clk 00:05:20]} {[%emt 00:00:41]} 53.
Be7 {[%clk 00:04:47]} {[%emt 00:01:47]} Bxf4+ {[%clk 00:05:31]} {[%emt
00:00:18]} 54. Kc2 {[%clk 00:05:04]} {[%emt 00:00:13]} Kb7 {[%clk 00:05:15]}
{[%emt 00:00:46]} 55. Bd8 {[%clk 00:04:32]} {[%emt 00:01:02]} Nb6 {[%clk
00:05:10]} {[%emt 00:00:35]} 56. Kd1 {[%clk 00:04:25]} {[%emt 00:00:38]} Bh6
{[%clk 00:05:09]} {[%emt 00:00:27]} 57. Kc2 {[%clk 00:04:12]} {[%emt 00:00:46]}
Bf8 {[%clk 00:05:14]} {[%emt 00:00:25]} 58. Nb1 {[%clk 00:03:53]} {[%emt
00:00:50]} a4 {[%clk 00:05:07]} {[%emt 00:00:37]} 59. Kb2 {[%clk 00:03:40]}
{[%emt 00:00:42]} Na8 {[%clk 00:05:02]} {[%emt 00:00:35]} 60. Ba5 {[%clk
00:01:05]} {[%emt 00:03:05]} Nc7 {[%clk 00:04:45]} {[%emt 00:00:47]} 61. Na3
{[%clk 00:01:26]} {[%emt 00:00:10]} Be7 {[%clk 00:04:13]} {[%emt 00:01:00]} 62.
Ka2 {[%clk 00:00:40]} {[%emt 00:01:17]} f5 {[%clk 00:01:49]} {[%emt 00:02:53]}
63. exf6 {[%clk 00:27:58]} {[%emt 00:03:13]} Bxf6 {[%clk 00:32:11]} {[%emt
00:00:08]} 64. Kb2 {[%clk 00:26:30]} {[%emt 00:01:58]} Be7 {[%clk 00:32:16]}
{[%emt 00:00:24]} 65. Ka2 {[%clk 00:26:23]} {[%emt 00:00:38]} Bxa3 {[%clk
00:31:21]} {[%emt 00:01:25]} 66. Kxa3 {[%clk 00:26:46]} {[%emt 00:00:08]} Nxb5+
{[%clk 00:31:42]} {[%emt 00:00:09]} 67. Kxa4 {[%clk 00:27:01]} {[%emt
00:00:14]} Kc6 {[%clk 00:32:07]} {[%emt 00:00:04]} 68. Kb4 {[%clk 00:26:43]}
{[%emt 00:00:49]} Nd6 {[%clk 00:32:08]} {[%emt 00:00:29]} 69. Bd8 {[%clk
00:25:32]} {[%emt 00:01:41]} Ne4 {[%clk 00:31:41]} {[%emt 00:00:55]} 70. Bh4
{[%clk 00:25:40]} {[%emt 00:00:24]} Kd6 {[%clk 00:31:42]} {[%emt 00:00:29]} 71.
Be1 {[%clk 00:25:22]} {[%emt 00:00:48]} e5 {[%clk 00:30:41]} {[%emt 00:01:31]}
72. dxe5+ {[%clk 00:25:16]} {[%emt 00:00:36]} Kxe5 {[%clk 00:31:09]} {[%emt
00:00:02]} 73. Kb5 {[%clk 00:24:46]} {[%emt 00:01:01]} Ng5 {[%clk 00:29:56]}
{[%emt 00:01:42]} 74. Bg3 {[%clk 00:24:00]} {[%emt 00:01:16]} Ke4 {[%clk
00:25:21]} {[%emt 00:05:05]} 75. h4 {[%clk 00:23:54]} {[%emt 00:00:36]} Ne6
{[%clk 00:23:58]} {[%emt 00:01:54]} 76. g5 {[%clk 00:22:44]} {[%emt 00:01:40]}
0-1

[Event "DEM U14 2025"]
[Site "Willingen GER"]
[Date "2025.06.08"]
[Round "2"]
[White "Lee, Ho In"]
[Black "Vakeel, Eshwar"]
[Result "1/2-1/2"]
[Termination "normal"]
[Board "21"]
[WhiteElo "1868"]
[BlackElo "1720"]
[WhiteClock "00:00:31"]
[BlackClock "00:25:48"]
[PlyCount "83"]
[WhiteFideId "34623655"]
[BlackFideId "34626514"]
[EventCountry "GER"]
[EventRounds "9"]
[EventType "swiss"]
[EventDate "2025.06.07"]

1. e4 {[%clk 01:30:57]} {[%emt 00:00:02]} c6 {[%clk 01:30:55]} {[%emt
00:00:06]} 2. d4 {[%clk 01:31:18]} {[%emt 00:00:09]} d5 {[%clk 01:31:21]}
{[%emt 00:00:04]} 3. Nc3 {[%clk 01:31:44]} {[%emt 00:00:05]} dxe4 {[%clk
01:31:47]} {[%emt 00:00:04]} 4. Nxe4 {[%clk 01:32:05]} {[%emt 00:00:08]} Nf6
{[%clk 01:32:15]} {[%emt 00:00:03]} 5. Nxf6+ {[%clk 01:32:14]} {[%emt
00:00:21]} exf6 {[%clk 01:32:42]} {[%emt 00:00:04]} 6. Nf3 {[%clk 01:32:30]}
{[%emt 00:00:13]} Bd6 {[%clk 01:33:07]} {[%emt 00:00:05]} 7. Bd3 {[%clk
01:32:49]} {[%emt 00:00:11]} O-O {[%clk 01:33:30]} {[%emt 00:00:07]} 8. O-O
{[%clk 01:33:02]} {[%emt 00:00:17]} Re8 {[%clk 01:33:44]} {[%emt 00:00:16]} 9.
h3 {[%clk 01:30:52]} {[%emt 00:02:40]} Be6 {[%clk 01:34:06]} {[%emt 00:00:08]}
10. Be3 {[%clk 01:31:02]} {[%emt 00:00:20]} Nd7 {[%clk 01:34:30]} {[%emt
00:00:07]} 11. Re1 {[%clk 01:29:09]} {[%emt 00:02:23]} Nf8 {[%clk 01:33:54]}
{[%emt 00:01:06]} 12. c3 {[%clk 01:26:12]} {[%emt 00:03:28]} Qc7 {[%clk
01:31:47]} {[%emt 00:02:37]} 13. Qc2 {[%clk 01:24:28]} {[%emt 00:02:13]} h5
{[%clk 01:32:10]} {[%emt 00:00:07]} 14. Rad1 {[%clk 01:22:25]} {[%emt
00:02:32]} a5 {[%clk 01:31:23]} {[%emt 00:01:17]} 15. a4 {[%clk 01:19:30]}
{[%emt 00:03:25]} Rab8 {[%clk 01:28:28]} {[%emt 00:03:25]} 16. c4 {[%clk
01:09:56]} {[%emt 00:10:04]} Bb4 {[%clk 01:25:44]} {[%emt 00:03:14]} 17. Bd2
{[%clk 01:09:12]} {[%emt 00:01:14]} Bxd2 {[%clk 01:24:10]} {[%emt 00:02:04]}
18. Qxd2 {[%clk 01:06:53]} {[%emt 00:02:49]} b6 {[%clk 01:19:55]} {[%emt
00:04:45]} 19. Rc1 {[%clk 01:02:17]} {[%emt 00:05:06]} Qb7 {[%clk 01:17:18]}
{[%emt 00:03:07]} 20. Be4 {[%clk 00:59:13]} {[%emt 00:03:33]} Rbd8 {[%clk
01:15:03]} {[%emt 00:02:45]} 21. b3 {[%clk 00:51:46]} {[%emt 00:07:57]} Nd7
{[%clk 01:00:03]} {[%emt 00:15:30]} 22. Qf4 {[%clk 00:46:44]} {[%emt 00:05:31]}
Rc8 {[%clk 00:55:58]} {[%emt 00:04:36]} 23. Nh2 {[%clk 00:44:53]} {[%emt
00:02:21]} Qc7 {[%clk 00:54:38]} {[%emt 00:01:50]} 24. Qf3 {[%clk 00:44:00]}
{[%emt 00:01:22]} h4 {[%clk 00:54:58]} {[%emt 00:00:11]} 25. Qh5 {[%clk
00:35:51]} {[%emt 00:08:38]} Qf4 {[%clk 00:37:29]} {[%emt 00:18:01]} 26. Qh7+
{[%clk 00:11:22]} {[%emt 00:24:59]} Kf8 {[%clk 00:37:52]} {[%emt 00:00:07]} 27.
Rcd1 {[%clk 00:11:40]} {[%emt 00:00:12]} f5 {[%clk 00:33:08]} {[%emt 00:05:15]}
28. Bxc6 {[%clk 00:05:38]} {[%emt 00:06:31]} Rxc6 {[%clk 00:29:44]} {[%emt
00:03:53]} 29. d5 {[%clk 00:06:03]} {[%emt 00:00:06]} Nf6 {[%clk 00:30:13]}
{[%emt 00:00:02]} 30. Qh8+ {[%clk 00:04:20]} {[%emt 00:02:12]} Ke7 {[%clk
00:30:39]} {[%emt 00:00:04]} 31. Qxg7 {[%clk 00:03:27]} {[%emt 00:01:24]} Rg8
{[%clk 00:31:05]} {[%emt 00:00:03]} 32. Qxg8 {[%clk 00:01:26]} {[%emt
00:02:31]} Nxg8 {[%clk 00:31:29]} {[%emt 00:00:06]} 33. dxc6 {[%clk 00:01:53]}
{[%emt 00:00:03]} Nf6 {[%clk 00:31:23]} {[%emt 00:00:36]} 34. Nf3 {[%clk
00:02:06]} {[%emt 00:00:16]} Ne4 {[%clk 00:31:42]} {[%emt 00:00:12]} 35. Rd3
{[%clk 00:00:35]} {[%emt 00:02:01]} Nc5 {[%clk 00:31:08]} {[%emt 00:01:04]} 36.
Rde3 {[%clk 00:00:32]} {[%emt 00:00:34]} Qd6 {[%clk 00:31:01]} {[%emt
00:00:36]} 37. Nxh4 {[%clk 00:00:50]} {[%emt 00:00:12]} Qxc6 {[%clk 00:30:37]}
{[%emt 00:00:55]} 38. Nxf5+ {[%clk 00:01:04]} {[%emt 00:00:16]} Kf6 {[%clk
00:30:58]} {[%emt 00:00:09]} 39. Nd4 {[%clk 00:00:39]} {[%emt 00:00:55]} Qd6
{[%clk 00:30:22]} {[%emt 00:01:05]} 40. Nf3 {[%clk 00:00:35]} {[%emt 00:00:33]}
Qc6 {[%clk 00:28:55]} {[%emt 00:01:58]} 41. Rd1 {[%clk 00:00:33]} {[%emt
00:00:33]} Qc7 {[%clk 00:25:48]} {[%emt 00:03:36]} 42. Ne5 {[%clk 00:00:31]}
{[%emt 00:00:32]} 1/2-1/2